| 000 | 00654nam a22002055i 4500 | ||
|---|---|---|---|
| 001 | 161658 | ||
| 003 | ES-MaACL | ||
| 005 | 20251003063141.0 | ||
| 008 | 000711s1859 fr a |||| | fre d | ||
| 040 |
_aCCPB | B _bspa _cCCPB | B |
||
| 100 | 1 |
_aPelouze, Jules, _d1807-1867 _9152210 |
|
| 245 | 1 | 0 |
_aAbrégé de chimie / _cpar J. Pelouze, E. Fremy. |
| 250 | _a4e éd. | ||
| 260 |
_aParis : _bLibrairie de Victor Masson, _c1859. |
||
| 300 |
_a3 v. : _bil. ; _c20 cm. |
||
| 650 | 0 | 7 |
_aQuímica _2embne _916625 |
| 700 | 1 |
_aFremy, Edmond. _952501 |
|
| 852 |
_aES-MaACL _jD-743 _z-- Rúst. _q-- Sólo T. I. (VI, 274 p.) |
||
| 999 |
_c161658 _d161658 |
||